| Tag |
First Indicator |
Second Indicator |
Subfields |
| LEADER |
00000uam a2200000 a 4500 |
| 001 |
in00004130113 |
| 005 |
20260128201600.7 |
| 006 |
m o d |
| 007 |
cr cn |
| 008 |
080513s2012 xx o eng |
| 020 |
|
|
|z 9780123865366
|
| 020 |
|
|
|z 9780123865359
|
| 035 |
|
|
|a (CaSebORM)9780123865359
|
| 040 |
|
|
|d UtOrBLW
|
| 041 |
0 |
|
|a eng
|
| 100 |
1 |
|
|a Oshana, Robert,
|e author.
|0 http://id.loc.gov/authorities/names/n2005085554
|
| 245 |
1 |
0 |
|a DSP for Embedded and Real-Time Systems /
|c Oshana, Robert.
|
| 250 |
|
|
|a 1st edition.
|
| 264 |
|
1 |
|b Newnes,
|c 2012.
|
| 300 |
|
|
|a 1 online resource (656 pages)
|
| 336 |
|
|
|a text
|b txt
|2 rdacontent
|
| 337 |
|
|
|a computer
|b c
|2 rdamedia
|
| 338 |
|
|
|a online resource
|b cr
|2 rdacarrier
|
| 347 |
|
|
|a text file
|
| 520 |
|
|
|a This Expert Guide gives you the techniques and technologies in digital signal processing (DSP) to optimally design and implement your embedded system. Written by experts with a solutions focus, this encyclopedic reference gives you an indispensable aid to tackling the day-to-day problems you face in using DSP to develop embedded systems. With this book you will learn: A range of development techniques for developing DSP code Valuable tips and tricks for optimizing DSP software for maximum performance The various options available for constructing DSP systems from numerous software components The tools available for developing DSP applications Numerous practical guidelines from experts with wide and lengthy experience of DSP application development Features: Several areas of research being done in advanced DSP technology Industry case studies on DSP systems development DSP for Embedded and Real-Time Systems is the reference for both the beginner and experienced, covering most aspects of using today's DSP techniques and technologies for designing and implementing an optimal embedded system. The only complete reference which explains all aspects of using DSP in embedded systems development making it a rich resource for every day use Covers all aspects of using today's DSP techniques and technologies for designing and implementing an optimal embedded system Enables the engineer to find solutions to all the problems they will face when using DSP
|
| 533 |
|
|
|a Electronic reproduction.
|b Boston, MA :
|c Safari,
|n Available via World Wide Web.
|d 2012.
|
| 538 |
|
|
|a Mode of access: World Wide Web.
|
| 542 |
|
|
|f Copyright Elsevier Science & Technology
|g 2012
|
| 588 |
|
|
|a Online resource; Title from title page (viewed October 11, 2012)
|
| 500 |
|
|
|a Electronic resource.
|
| 655 |
|
7 |
|a Electronic books.
|2 local
|
| 710 |
2 |
|
|a Safari, an O'Reilly Media Company.
|
| 856 |
4 |
0 |
|u https://proxy.library.tamu.edu/login?url=https://go.oreilly.com/TAMU/library/view/-/9780123865359/?ar
|z Connect to this electronic resource
|t 0
|
| 999 |
f |
f |
|s d375f65a-5bc2-3c81-9121-0ac94d39e0f9
|i b69eb648-9f7c-35ac-acc6-4aaaf3b282b2
|t 0
|
| 952 |
f |
f |
|a Texas A&M University
|b College Station
|c Electronic Resources
|s www_evans
|d Available Online
|t 0
|h No information provided
|
| 998 |
f |
f |
|t 0
|l Available Online
|